[Event "Reykjavik Congress"]
[Site "Reykjavik"]
[Date "2020.01.26"]
[Round "7"]
[White "Helgason, Jon Thor"]
[Black "Omarsson, Adam"]
[Result "0-1"]
[WhiteElo "1672"]
[BlackElo "1241"]
[PlyCount "49"]
[EventDate "2020.01.05"]
[EventType "swiss"]
[EventRounds "9"]
[EventCountry "ISL"]
[SourceTitle "CBM 194 Extra"]
[Source "ChessBase"]
[SourceDate "2020.03.31"]
[SourceVersion "1"]
[SourceVersionDate "2020.03.31"]
[SourceQuality "1"]

1. e4 g6 2. d4 Bg7 3. Nf3 d6 4. Be3 Nf6 5. Nbd2 0-0 6. c3 Nbd7 7. Bb5 c6 8. Ba4 e5 9. 0-0 Re8 10. dxe5 Nxe5 11. Nxe5 Rxe5 12. f3 d5 13. f4 Bg4 14. Qe1 Re8 15. h3 Bc8 16. e5 Ne4 17. Nxe4 dxe4 18. Bc5 Qa5 19. b4 Qxa4 20. g4 f5 21. g5 Be6 22. Rf2 Rad8 23. Rd2 b6 24. Bd6 Bd5 25. Rc1 0-1

[Event "ISL-chT2 1921"]
[Site "Reykjavik"]
[Date "2019.10.04"]
[Round "1.3"]
[White "Helgason, Jon Thor"]
[Black "Eidsson, Johann Oli"]
[Result "1-0"]
[WhiteElo "1670"]
[BlackElo "1771"]
[PlyCount "75"]
[EventDate "2019.10.04"]
[EventType "team-tourn"]
[EventRounds "7"]
[EventCountry "ISL"]
[SourceTitle "EXT 2024"]
[Source "ChessBase"]
[SourceDate "2023.10.10"]
[SourceVersion "1"]
[SourceVersionDate "2023.10.10"]
[SourceQuality "1"]
[WhiteTeam "Hauka"]
[BlackTeam "Hrokar alls Fagnadar"]
[WhiteTeamCountry "ISL"]
[BlackTeamCountry "ISL"]

1. e4 c5 2. Nf3 Nc6 3. Bb5 g6 4. c3 a6 5. Be2 Bg7 6. d4 cxd4 7. Nxd4 Nxd4 8. cxd4 d6 9. Nc3 b5 10. Be3 Bb7 11. Qb3 Nf6 12. Bxb5+ axb5 13. Qxb5+ Qd7 14. Qxd7+ Kxd7 15. f3 Ba6 16. Kd2 Rhb8 17. Rhb1 Ne8 18. b4 Nc7 19. a4 Bc4 20. b5 Ra5 21. Rb4 d5 22. exd5 Bxd5 23. Bf4 e6 24. b6 Na6 25. Rb5 Rxb5 26. axb5 Rxb6 27. bxa6 Ba8 28. Kd3 g5 29. Bxg5 e5 30. Be3 Rd6 31. Nb5 Rb6 32. Ra5 Bc6 33. a7 Bxb5+ 34. Rxb5 Ra6 35. Rb7+ Ke6 36. d5+ Kxd5 37. Rb8 Ra3+ 38. Kc2 1-0

[Event "ISL-chT2 1718"]
[Site "Reykjavik"]
[Date "2018.03.03"]
[Round "6.4"]
[White "Helgason, Jon Thor"]
[Black "Jonsson, Gauti Pall"]
[Result "0-1"]
[WhiteElo "1696"]
[BlackElo "2011"]
[PlyCount "108"]
[EventDate "2017.10.20"]
[EventType "team-tourn"]
[EventRounds "7"]
[EventCountry "ISL"]
[SourceTitle "EXT 2019"]
[Source "ChessBase"]
[SourceDate "2018.10.10"]
[SourceVersion "1"]
[SourceVersionDate "2018.10.10"]
[SourceQuality "1"]
[WhiteTeam "Hauka"]
[BlackTeam "Reykjavik II"]
[WhiteTeamCountry "ISL"]
[BlackTeamCountry "ISL"]

1. e4 c5 2. Nf3 e6 3. Nc3 Nc6 4. Bb5 Nd4 5. 0-0 Nxb5 6. Nxb5 a6 7. Na3 Qc7 8. b3 e5 9. Nc4 d6 10. a4 g6 11. a5 Ne7 12. Nb6 Rb8 13. Ba3 Bg7 14. b4 0-0 15. c4 cxb4 16. Bxb4 Nc6 17. Nd5 Qd8 18. Bc3 Be6 19. Qa4 Bxd5 20. cxd5 Na7 21. d3 Nb5 22. Bd2 Rc8 23. Rfc1 Qd7 24. Rc4 h6 25. Ne1 Rc7 26. Be3 Qe7 27. Bb6 Rd7 28. Rac1 Qg5 29. Nf3 Qh5 30. Rc8 Rxc8 31. Rxc8+ Kh7 32. Qc4 f5 33. Rb8 g5 34. exf5 g4 35. Qc8 Qf7 36. Nd2 Qxf5 37. Rxb7 Rf7 38. Qxf5+ Rxf5 39. Ne4 Rf8 40. Kf1 Rc8 41. Nf6+ Kg6 42. Nxg4 Rc2 43. Ne3 Rd2 44. Rb8 Rxd3 45. Ke2 Rb3 46. Ra8 Nd4+ 47. Bxd4 exd4 48. Nc4 d3+ 49. Kd1 Bc3 50. Kc1 Rb4 51. Rc8 Ra4 52. Nd2 Ra1+ 53. Nb1 d2+ 54. Kd1 Rxb1+ 0-1